1104 1066 1343 1595 1235 1685 1309 1039 1690 1742 1490 1385 1024 1923 1039 1439 1282 1736 1216 1546 1150 1183 1473 1085 1227 1358 1556 1679 1791 1294 1506 1974 1239 1414 1040 1908 1190 1650 1314 1827 1562 1258 1929 1699 1539 1549 1728 1834 1231 1423 1208 1463 1422 1062 1848 1276 1074 1529 1472 1722 1221 1056 1794 1917 1139 1297 1671 1747 1873 1829 1699 1130 1640 1776 1887 1123 1769 1058 1071 1587 1315 1558 1645 1079 1113 1237 1012 1585 1027 1765 1858 1022 1069 1187 1056 1351 1659 1358 1213 BCNSPRNW ULIB Ver.6.0+V

เปลี่ยนเป็นภาษาไทย

Change to English
 แสดงรายละเอียดบรรณานุกรม
  กลับหน้าหลัก

Brief Record : Get Marc (ISO 2709) : E-mail record : QR code < ปิดหน้าต่าง
LEADER : 00000nam 2200000uu 4500
001    13399112978
003     ULIB
008    110921s2551||||th 000 0 tha d
020    9789741670772
060  4 WA108^bส232ร 2551
100 0  สมเกียรติ สุวรรณกูฎ
245 00 โรคร้ายที่ผ่านพ้น/^cสมเกียรติ สุวรรณกูฎ
250    พิมพ์ครั้งที่ 1
260    กรุงเทพฯ:^bเคล็ดไทย,^c2551
300    125 หน้า:^bภาพประกอบ
650  7 ลักษณะอาการของโรค
650  7 หลัก 9 อ
650  7 โรคหัวใจ
650  7 โรคเรื้อรัง
650  7 โรคความดันโลหิตสูง
945    ^p100^l0^i18581
995    กัณชพร
999 ^a ใช้งานได้ทุกระบบ
รายการนี้ยังไม่มีแท็ก
คุณยังไม่ได้ล็อกอิน คุณสามารถมีกิจกรรมร่วมกับเว็บไซต์ได้ แต่ต้องล็อกอินก่อน ::
  ล็อกอิน

รายการสื่อสารสนเทศ

ลำดับที่ ประเภท เลขเรียก/บาร์โค้ด สถานที่ สถานะ
- ไม่พบข้อมูล -

รายการใกล้เคียง
    ผู้แต่ง [สมเกียรติ สุวรรณกูฎ]

    หัวเรื่อง [ลักษณะอาการของโรค]
    หัวเรื่อง [หลัก 9 อ]
    หัวเรื่อง [โรคหัวใจ]
    หัวเรื่อง [โรคเรื้อรัง]
    หัวเรื่อง [โรคความดันโลหิตสูง]

BibComment


ยังไม่เคยถูกคอมเมนท์

คอมเมนท์ทรัพยากรรายการนี้
  คอมเมนท์: โรคร้ายที่ผ่านพ้น..


 Copyright 2026. Bcnsprnw @Library